000
00303nam a2200109Ia 4500
008
200302s9999 xx 000 0 und d
100
_a
Michael Franklin Ross AIA
245
_a
Beyond Metabolism : The New Japanese Architecture
260
_b
Tata Mcgraw-Hill Publishing Co.
260
_c
1978
300
_a
200 P.,
999
_c
44
_d
44